Avenue: customization and application development for ArcView GIS / (Record no. 616097)
[ view plain ]
| 000 -LEADER | |
|---|---|
| fixed length control field | 00456nam a22001577a 4500 |
| 003 - CONTROL NUMBER IDENTIFIER | |
| control field | NUST |
| 005 - DATE AND TIME OF LATEST TRANSACTION | |
| control field | 20260206161010.0 |
| 008 - FIXED-LENGTH DATA ELEMENTS--GENERAL INFORMATION | |
| fixed length control field | 260206b ||||| |||| 00| 0 eng d |
| 082 ## - DEWEY DECIMAL CLASSIFICATION NUMBER | |
| Classification number | 910.285 |
| 100 ## - MAIN ENTRY--PERSONAL NAME | |
| Personal name | Esri Press |
| 9 (RLIN) | 133102 |
| 245 ## - TITLE STATEMENT | |
| Title | Avenue: customization and application development for ArcView GIS / |
| Statement of responsibility, etc. | Esri Press. |
| 260 ## - PUBLICATION, DISTRIBUTION, ETC. | |
| Place of publication, distribution, etc. | USA: |
| Name of publisher, distributor, etc. | Enviromental Systems Research Institute, |
| Date of publication, distribution, etc. | 1996. |
| 300 ## - PHYSICAL DESCRIPTION | |
| Extent | 240 p ; |
| 563 ## - BINDING INFORMATION | |
| Binding note | Paperback |
| 942 ## - ADDED ENTRY ELEMENTS (KOHA) | |
| Source of classification or shelving scheme | |
| Koha item type | Book |
No items available.
